000 02852nam a22002297a 4500
003 URS
005 20251015101441.0
008 250729b |||||||| |||| 00| 0 eng d
100 _aBautista, Justine C.
_eresearcher
245 _aSavory Unleashed: Assessing the Viability of Viand Enhanced Pasta in Binangonan, RIzal /
_bJustine C. Bautista.
260 _c2024
300 _axiv, 104 leaves:
_b28 cm.
502 _aUndergraduate Feasibility Study
_bBachelor of Science in Business Administration Major in Financial Management
_cUniversity of Rizal System Binangonan
_d2024
520 _aThis feasibility study aims to determine the viability, feasibility and profitability of the business. It will be in a form of sole proprietorship. The products offered to the market, Savory Unleashed: Viand Enhanced Pasta. The proposed business will be located in Bilibiran, Binangonan, Rizal, particularly in Wawa. The business will need a total capital investment of One hundred fifty thousand Pesos (P150,000.00) and will be owned by John Ryn A. Crisostomo. During the operating period, the owner will manage and supervise in assigning duties and responsibilities of the personnel. A total of three (3) personnel will be assigned among the researcher in the person of Justine C. Bautista, Ricky Jones P. Marquez and Julia Aleck C. Unida and two (2) personnel each day for the proposed business. In marketing, the proponents are concerned with the demand, supply and pricing of the products. The proponents conducted surveys of the potential target market in Binangonan, Rizal. The channel of distribution and projected sales and quantity are determined. The project also covers tax and legal aspects that are necessary for the establishment of the business. Income earned by the proposed business will be taxed by the government. Fees and licenses required in establishment of the business are itemized in this part of this study~ Financial Analyses and estimates of the proposed business is the most important aspect of the study. Various assumptions on the projected cost in the establishment and operation of the business are shown. It also shows the projected income proving how profitable the business is. The study also discusses on how the proposed business will contribute to the community of Bilibiran, Binangonan, Rizal. The proponents also enumerated some problems that the proposed business might encountered and cited some recommendations.
700 _aErrand A. Velgado
_eAdviser
700 _a John Ryn A. Crisostomo
_eresearcher
700 _aRicky Jones P. Marquez
_eresearcher
700 _aJulia Aleck C. Unida
_eresearcher
856 _3Online Request for Student Unpublished Works
_uhttps://forms.gle/7LqvGGkaDrUQqz429
856 _uhttps://drive.google.com/file/d/1R-605VihppfUOQEi7t4OpUobN0JXpYp_/view?usp=sharing
942 _2lcc
_cT
999 _c83843
_d83842